| 000 | 00776cam a22002531a 4500 | ||
|---|---|---|---|
| 999 |
_c21663 _d21663 |
||
| 001 | 6831670 | ||
| 003 | OSt | ||
| 005 | 20200612110839.0 | ||
| 007 | cr_||||||||||| | ||
| 008 | 830211s1914 nyu 000 0 eng | ||
| 010 | _a 14010614 | ||
| 020 | _a9788185444406 | ||
| 040 | _coclc | ||
| 082 |
_a109 _bTHI/H |
||
| 100 |
_aThilly, Frank _d1865-1934. _92820 |
||
| 245 | 1 | 2 |
_aA History of philosophy / _c Frank Thilly. |
| 260 |
_aAllahabad: _bCentral Publishing House, _c2012. |
||
| 300 | _a453p | ||
| 504 | _aBibliography: p. 4-5. | ||
| 530 | _aAlso available in digital form. | ||
| 856 | 4 | 1 | _uhttp://hdl.loc.gov/loc.gdc/scd0001.00202050335 |
| 906 |
_a7 _bcbc _coclcrpl _du _encip _f19 _gy-gencatlg |
||
| 942 |
_2ddc _cBK _h109 _iTHI/H _k109 _mTHI/H |
||